| 000 | 00701nam a22002537a 4500 | ||
|---|---|---|---|
| 003 | UA-OsUOA | ||
| 001 | 121913 | ||
| 007 | ta | ||
| 008 | 20170404b un ||||| |||| 00| 0 ukr d | ||
| 100 | _aРоббинс Г. | ||
| 090 |
_a821.161.1 _bР58 |
||
| 942 | _cBK | ||
| 040 |
_aUA-OsUOA _brus _cUA-OsUOA _dUA-OsUOA |
||
| 245 |
_aНикогда не покидай меня. Парк-авеню, 79 _bроманы |
||
| 300 | _a348 с. | ||
| 955 | _a3 | ||
| 041 | _arus | ||
| 080 | _a821.161.1 | ||
| 020 | _a5-8292-0017-1 | ||
| 591 | _aДімаров А. | ||
| 260 |
_aК. _bМедэкол _c1992 |
||
| 650 | 7 |
_a82 Література. Літературознавство _2UDC |
|
| 999 |
_c408166 _d408166 |
||